[Event "ODJM C 2025"]
[Site "Willingen GER"]
[Date "2025.06.11"]
[Round "6"]
[White "Kähling, Fiete"]
[Black "Ruddat, Merja"]
[Result "1/2-1/2"]
[Termination "normal"]
[Board "29"]
[WhiteElo "835"]
[BlackElo "999"]
[WhiteClock "00:11:27"]
[BlackClock "00:35:09"]
[PlyCount "73"]
[WhiteFideId "533046700"]
[BlackFideId "34660577"]
[EventCountry "GER"]
[EventRounds "9"]
[EventType "swiss"]
[EventDate "2025.06.07"]

1. d4 {[%clk 01:30:57]} {[%emt 00:00:02]} d5 {[%clk 01:30:56]} {[%emt
00:00:04]} 2. c4 {[%clk 01:31:06]} {[%emt 00:00:21]} dxc4 {[%clk 01:31:17]}
{[%emt 00:00:08]} 3. e4 {[%clk 01:31:30]} {[%emt 00:00:07]} Nf6 {[%clk
01:31:29]} {[%emt 00:00:19]} 4. Nc3 {[%clk 01:31:39]} {[%emt 00:00:21]} Nc6
{[%clk 01:31:14]} {[%emt 00:00:45]} 5. e5 {[%clk 01:25:50]} {[%emt 00:06:19]}
Nd5 {[%clk 01:30:32]} {[%emt 00:01:12]} 6. Bxc4 {[%clk 01:26:01]} {[%emt
00:00:19]} Be6 {[%clk 01:30:04]} {[%emt 00:00:58]} 7. Bb5 {[%clk 01:22:59]}
{[%emt 00:03:33]} Qd7 {[%clk 01:26:27]} {[%emt 00:04:06]} 8. f3 {[%clk
01:17:46]} {[%emt 00:05:44]} f6 {[%clk 01:22:54]} {[%emt 00:04:02]} 9. Bxc6
{[%clk 01:14:48]} {[%emt 00:03:28]} Qxc6 {[%clk 01:21:08]} {[%emt 00:02:16]}
10. Nge2 {[%clk 01:12:13]} {[%emt 00:03:05]} O-O-O {[%clk 01:20:39]} {[%emt
00:00:59]} 11. Qa4 {[%clk 01:07:08]} {[%emt 00:05:35]} Qxa4 {[%clk 01:19:51]}
{[%emt 00:01:18]} 12. Nxa4 {[%clk 01:07:30]} {[%emt 00:00:09]} Nb4 {[%clk
01:17:53]} {[%emt 00:02:27]} 13. Kd2 {[%clk 01:04:28]} {[%emt 00:03:32]} fxe5
{[%clk 01:17:25]} {[%emt 00:00:58]} 14. Kc3 {[%clk 01:02:32]} {[%emt 00:02:26]}
Nc6 {[%clk 01:16:49]} {[%emt 00:01:05]} 15. dxe5 {[%clk 01:01:39]} {[%emt
00:01:23]} Nxe5 {[%clk 01:16:40]} {[%emt 00:00:38]} 16. Nf4 {[%clk 01:01:10]}
{[%emt 00:00:59]} Bf7 {[%clk 01:10:49]} {[%emt 00:06:22]} 17. Re1 {[%clk
00:52:04]} {[%emt 00:09:37]} Ng6 {[%clk 01:05:43]} {[%emt 00:05:35]} 18. Ne6
{[%clk 00:41:17]} {[%emt 00:11:17]} Rd6 {[%clk 01:01:41]} {[%emt 00:04:32]} 19.
Nxf8 {[%clk 00:39:49]} {[%emt 00:01:58]} Rxf8 {[%clk 00:58:18]} {[%emt
00:03:53]} 20. Be3 {[%clk 00:33:21]} {[%emt 00:06:58]} Rfd8 {[%clk 00:56:34]}
{[%emt 00:02:14]} 21. b3 {[%clk 00:28:25]} {[%emt 00:05:26]} Nh4 {[%clk
00:53:08]} {[%emt 00:03:54]} 22. Re2 {[%clk 00:28:00]} {[%emt 00:00:57]} e5
{[%clk 00:51:38]} {[%emt 00:02:00]} 23. Bg5 {[%clk 00:24:14]} {[%emt 00:04:17]}
Rd3+ {[%clk 00:48:28]} {[%emt 00:03:40]} 24. Kc2 {[%clk 00:20:35]} {[%emt
00:04:09]} R8d4 {[%clk 00:47:47]} {[%emt 00:01:11]} 25. Rxe5 {[%clk 00:20:12]}
{[%emt 00:00:52]} Nxg2 {[%clk 00:44:58]} {[%emt 00:03:19]} 26. Rg1 {[%clk
00:15:01]} {[%emt 00:05:41]} h6 {[%clk 00:40:50]} {[%emt 00:04:38]} 27. Rxg2
{[%clk 00:14:42]} {[%emt 00:00:49]} hxg5 {[%clk 00:40:55]} {[%emt 00:00:25]}
28. Rexg5 {[%clk 00:14:24]} {[%emt 00:00:48]} Rxf3 {[%clk 00:40:29]} {[%emt
00:00:56]} 29. Rxg7 {[%clk 00:14:39]} {[%emt 00:00:15]} Rdf4 {[%clk 00:39:15]}
{[%emt 00:01:44]} 30. R7g3 {[%clk 00:13:50]} {[%emt 00:01:20]} Rxg3 {[%clk
00:38:39]} {[%emt 00:01:06]} 31. hxg3 {[%clk 00:14:03]} {[%emt 00:00:16]} Rg4
{[%clk 00:38:28]} {[%emt 00:00:42]} 32. Kd2 {[%clk 00:13:33]} {[%emt 00:01:00]}
Kd7 {[%clk 00:38:47]} {[%emt 00:00:10]} 33. Ke3 {[%clk 00:13:28]} {[%emt
00:00:36]} Ke6 {[%clk 00:38:21]} {[%emt 00:00:56]} 34. Nc5+ {[%clk 00:13:32]}
{[%emt 00:00:26]} Kd5 {[%clk 00:37:13]} {[%emt 00:01:38]} 35. Nxb7 {[%clk
00:13:51]} {[%emt 00:00:11]} c5 {[%clk 00:36:51]} {[%emt 00:00:51]} 36. Na5
{[%clk 00:13:20]} {[%emt 00:01:02]} Rg6 {[%clk 00:35:09]} {[%emt 00:02:11]} 37.
Nc4 {[%clk 00:11:27]} {[%emt 00:02:24]} 1/2-1/2

[Event "ODJM C 2025"]
[Site "Willingen GER"]
[Date "2025.06.11"]
[Round "6"]
[White "Eichner, Willi"]
[Black "Wagner, Valentin Thien-Phú"]
[Result "1-0"]
[Termination "normal"]
[Board "30"]
[WhiteElo "987"]
[BlackElo "1401"]
[WhiteClock "01:09:22"]
[BlackClock "00:25:34"]
[PlyCount "57"]
[WhiteFideId "533043787"]
[BlackFideId "34603492"]
[EventCountry "GER"]
[EventRounds "9"]
[EventType "swiss"]
[EventDate "2025.06.07"]

1. e4 {[%clk 01:30:58]} {[%emt 00:00:01]} c5 {[%clk 01:30:55]} {[%emt
00:00:06]} 2. Nf3 {[%clk 01:31:23]} {[%emt 00:00:04]} g6 {[%clk 01:31:13]}
{[%emt 00:00:12]} 3. d4 {[%clk 01:31:05]} {[%emt 00:00:48]} cxd4 {[%clk
01:31:20]} {[%emt 00:00:24]} 4. Nxd4 {[%clk 01:31:27]} {[%emt 00:00:08]} Bg7
{[%clk 01:31:37]} {[%emt 00:00:13]} 5. Be3 {[%clk 01:31:41]} {[%emt 00:00:15]}
Nc6 {[%clk 01:31:55]} {[%emt 00:00:12]} 6. Nc3 {[%clk 01:31:52]} {[%emt
00:00:20]} Qb6 {[%clk 01:28:32]} {[%emt 00:03:51]} 7. Nb3 {[%clk 01:32:12]}
{[%emt 00:00:12]} Qb4 {[%clk 01:27:40]} {[%emt 00:01:19]} 8. Qd2 {[%clk
01:30:50]} {[%emt 00:01:55]} Bxc3 {[%clk 01:27:04]} {[%emt 00:01:06]} 9. bxc3
{[%clk 01:30:17]} {[%emt 00:01:04]} Qxe4 {[%clk 01:26:12]} {[%emt 00:01:22]}
10. Nc5 {[%clk 01:26:52]} {[%emt 00:03:55]} Qe5 {[%clk 01:24:13]} {[%emt
00:02:27]} 11. Bc4 {[%clk 01:26:44]} {[%emt 00:00:40]} Nf6 {[%clk 01:22:29]}
{[%emt 00:02:11]} 12. O-O {[%clk 01:27:02]} {[%emt 00:00:15]} Ne4 {[%clk
01:18:01]} {[%emt 00:04:53]} 13. Nxe4 {[%clk 01:26:45]} {[%emt 00:00:50]} Qxe4
{[%clk 01:18:10]} {[%emt 00:00:23]} 14. Bd3 {[%clk 01:25:27]} {[%emt 00:01:46]}
Qd5 {[%clk 01:12:52]} {[%emt 00:05:50]} 15. Rfe1 {[%clk 01:24:50]} {[%emt
00:01:06]} Rg8 {[%clk 01:08:15]} {[%emt 00:05:07]} 16. Bg5 {[%clk 01:24:08]}
{[%emt 00:01:12]} b6 {[%clk 00:58:38]} {[%emt 00:10:07]} 17. Qe3 {[%clk
01:23:01]} {[%emt 00:01:36]} e6 {[%clk 00:57:23]} {[%emt 00:01:45]} 18. c4
{[%clk 01:21:47]} {[%emt 00:01:45]} Qd4 {[%clk 00:56:59]} {[%emt 00:00:53]} 19.
Qg3 {[%clk 01:20:09]} {[%emt 00:02:08]} Nb4 {[%clk 00:52:48]} {[%emt 00:04:37]}
20. Be4 {[%clk 01:19:39]} {[%emt 00:01:05]} d5 {[%clk 00:44:47]} {[%emt
00:08:31]} 21. Qd6 {[%clk 01:19:38]} {[%emt 00:00:29]} f6 {[%clk 00:42:33]}
{[%emt 00:02:44]} 22. Bxd5 {[%clk 01:17:33]} {[%emt 00:02:37]} Nxd5 {[%clk
00:40:03]} {[%emt 00:02:59]} 23. Rad1 {[%clk 01:15:04]} {[%emt 00:03:00]} Qxc4
{[%clk 00:36:47]} {[%emt 00:03:47]} 24. Rxd5 {[%clk 01:13:33]} {[%emt
00:02:00]} Kf7 {[%clk 00:33:28]} {[%emt 00:03:46]} 25. Rd4 {[%clk 01:08:59]}
{[%emt 00:05:05]} Qxc2 {[%clk 00:30:59]} {[%emt 00:03:00]} 26. Rc1 {[%clk
01:08:45]} {[%emt 00:00:44]} Qf5 {[%clk 00:26:45]} {[%emt 00:04:43]} 27. Rc7+
{[%clk 01:08:46]} {[%emt 00:00:30]} Bd7 {[%clk 00:26:01]} {[%emt 00:01:14]} 28.
Rxd7+ {[%clk 01:09:01]} {[%emt 00:00:16]} Ke8 {[%clk 00:25:34]} {[%emt
00:00:56]} 29. Qe7# {[%clk 01:09:22]} {[%emt 00:00:08]} 1-0

[Event "ODJM C 2025"]
[Site "Willingen GER"]
[Date "2025.06.11"]
[Round "6"]
[White "Lohmüller, Alina"]
[Black "Dimitrov, Pavel"]
[Result "0-1"]
[Termination "normal"]
[Board "31"]
[WhiteElo "772"]
[BlackElo "1011"]
[WhiteClock "00:34:42"]
[BlackClock "01:27:17"]
[PlyCount "64"]
[WhiteFideId "533025509"]
[BlackFideId "533028206"]
[EventCountry "GER"]
[EventRounds "9"]
[EventType "swiss"]
[EventDate "2025.06.07"]

1. e4 {[%clk 01:30:58]} {[%emt 00:00:01]} e5 {[%clk 01:30:50]} {[%emt
00:00:10]} 2. Nf3 {[%clk 01:31:23]} {[%emt 00:00:06]} Nc6 {[%clk 01:31:08]}
{[%emt 00:00:11]} 3. d4 {[%clk 01:31:48]} {[%emt 00:00:05]} exd4 {[%clk
01:31:20]} {[%emt 00:00:17]} 4. Bc4 {[%clk 01:32:10]} {[%emt 00:00:09]} Be7
{[%clk 01:31:33]} {[%emt 00:00:16]} 5. c3 {[%clk 01:32:30]} {[%emt 00:00:12]}
dxc3 {[%clk 01:31:55]} {[%emt 00:00:07]} 6. Qd5 {[%clk 01:32:28]} {[%emt
00:00:33]} Ne5 {[%emt 00:00:44]} 7. Nxe5 {[%clk 01:31:50]} {[%emt 00:01:05]}
Nh6 {[%clk 01:31:47]} {[%emt 00:00:26]} 8. Nxf7 {[%clk 01:29:58]} {[%emt
00:02:22]} c6 {[%clk 01:31:55]} {[%emt 00:00:23]} 9. Qd4 {[%clk 01:25:29]}
{[%emt 00:04:58]} Nxf7 {[%clk 01:31:19]} {[%emt 00:01:05]} 10. Qxg7 {[%clk
01:19:22]} {[%emt 00:06:38]} Rf8 {[%clk 01:31:15]} {[%emt 00:00:33]} 11. O-O
{[%clk 01:14:29]} {[%emt 00:05:24]} Qc7 {[%clk 01:31:20]} {[%emt 00:00:23]} 12.
Qxh7 {[%clk 01:07:53]} {[%emt 00:07:07]} Qe5 {[%clk 01:31:29]} {[%emt
00:00:15]} 13. Re1 {[%clk 01:01:42]} {[%emt 00:06:48]} cxb2 {[%clk 01:31:01]}
{[%emt 00:00:58]} 14. Bxb2 {[%clk 01:00:28]} {[%emt 00:01:45]} Qxb2 {[%clk
01:31:11]} {[%emt 00:00:20]} 15. Nd2 {[%clk 00:58:05]} {[%emt 00:02:53]} Qxd2
{[%clk 01:31:12]} {[%emt 00:00:26]} 16. Rad1 {[%clk 00:58:07]} {[%emt
00:00:29]} Qg5 {[%clk 01:31:09]} {[%emt 00:00:31]} 17. Qh3 {[%clk 00:50:20]}
{[%emt 00:08:19]} d6 {[%clk 01:31:03]} {[%emt 00:00:34]} 18. Qf3 {[%clk
00:49:33]} {[%emt 00:01:19]} Bg4 {[%clk 01:30:45]} {[%emt 00:00:46]} 19. Qd3
{[%clk 00:47:57]} {[%emt 00:02:08]} Bxd1 {[%clk 01:30:49]} {[%emt 00:00:26]}
20. Rxd1 {[%clk 00:48:24]} {[%emt 00:00:04]} O-O-O {[%clk 01:30:54]} {[%emt
00:00:24]} 21. Be6+ {[%clk 00:47:10]} {[%emt 00:01:46]} Kb8 {[%clk 01:30:57]}
{[%emt 00:00:26]} 22. Qb3 {[%clk 00:46:57]} {[%emt 00:00:43]} Qf6 {[%clk
01:30:36]} {[%emt 00:00:48]} 23. Rb1 {[%clk 00:46:41]} {[%emt 00:00:49]} b6
{[%clk 01:30:40]} {[%emt 00:00:25]} 24. Bh3 {[%clk 00:44:28]} {[%emt 00:02:44]}
Ng5 {[%clk 01:30:14]} {[%emt 00:00:55]} 25. Bf5 {[%clk 00:39:59]} {[%emt
00:05:00]} c5 {[%clk 01:29:25]} {[%emt 00:01:19]} 26. Qb5 {[%clk 00:39:03]}
{[%emt 00:01:27]} Qe5 {[%clk 01:28:29]} {[%emt 00:01:23]} 27. Bd7 {[%clk
00:35:49]} {[%emt 00:03:47]} Rxd7 {[%clk 01:27:29]} {[%emt 00:01:28]} 28. Qxd7
{[%clk 00:35:34]} {[%emt 00:00:46]} Qxe4 {[%clk 01:27:17]} {[%emt 00:00:39]}
29. Rb5 {[%clk 00:35:01]} {[%emt 00:01:07]} Qc2 {[%clk 01:26:47]} {[%emt
00:00:59]} 30. h3 {[%clk 00:34:50]} {[%emt 00:00:41]} Qxf2+ {[%clk 01:26:48]}
{[%emt 00:00:29]} 31. Kh2 {[%clk 00:34:21]} {[%emt 00:00:59]} Nf3+ {[%clk
01:26:59]} {[%emt 00:00:16]} 32. Kh1 {[%clk 00:34:42]} {[%emt 00:00:12]} Qf1#
{[%clk 01:27:17]} {[%emt 00:00:10]} 0-1

[Event "ODJM C 2025"]
[Site "Willingen GER"]
[Date "2025.06.11"]
[Round "6"]
[White "Steppat, Tristan"]
[Black "Lohmüller, Leona"]
[Result "0-1"]
[Termination "normal"]
[Board "32"]
[WhiteElo "1004"]
[BlackElo "956"]
[WhiteClock "01:28:06"]
[BlackClock "00:52:49"]
[PlyCount "36"]
[WhiteFideId "533004811"]
[BlackFideId "533025517"]
[EventCountry "GER"]
[EventRounds "9"]
[EventType "swiss"]
[EventDate "2025.06.07"]

1. e4 {[%clk 01:30:46]} {[%emt 00:00:08]} e5 {[%clk 01:30:56]} {[%emt
00:00:10]} 2. Nf3 {[%clk 01:31:03]} {[%emt 00:00:14]} Nc6 {[%clk 01:31:18]}
{[%emt 00:00:08]} 3. Bc4 {[%clk 01:31:10]} {[%emt 00:00:10]} Nf6 {[%clk
01:31:31]} {[%emt 00:00:28]} 4. Ng5 {[%clk 01:31:32]} {[%emt 00:00:09]} d5
{[%clk 01:30:35]} {[%emt 00:01:27]} 5. exd5 {[%clk 01:31:56]} {[%emt 00:00:05]}
Nxd5 {[%clk 01:29:22]} {[%emt 00:01:43]} 6. Nxf7 {[%clk 01:32:08]} {[%emt
00:00:17]} Kxf7 {[%clk 01:26:51]} {[%emt 00:03:02]} 7. Qf3+ {[%clk 01:32:32]}
{[%emt 00:00:06]} Ke8 {[%clk 01:25:35]} {[%emt 00:01:46]} 8. Bxd5 {[%clk
01:32:51]} {[%emt 00:00:09]} Qe7 {[%clk 01:21:22]} {[%emt 00:04:45]} 9. Bxc6+
{[%clk 01:33:09]} {[%emt 00:00:11]} Kd8 {[%clk 01:20:09]} {[%emt 00:01:39]} 10.
d3 {[%clk 01:33:27]} {[%emt 00:00:18]} bxc6 {[%clk 01:19:52]} {[%emt 00:00:47]}
11. Qxc6 {[%clk 01:33:48]} {[%emt 00:00:07]} Rb8 {[%clk 01:18:09]} {[%emt
00:02:15]} 12. h4 {[%clk 01:34:08]} {[%emt 00:00:08]} h6 {[%clk 01:14:30]}
{[%emt 00:04:10]} 13. O-O {[%emt 00:00:09]} Bd7 {[%emt 00:02:00]} 14. Qg6
{[%clk 01:28:31]} {[%emt 00:00:38]} Qxh4 {[%clk 01:14:06]} {[%emt 00:04:15]}
15. Nc3 {[%clk 01:27:21]} {[%emt 00:01:39]} Be8 {[%clk 01:05:46]} {[%emt
00:08:49]} 16. Qe6 {[%clk 01:27:38]} {[%emt 00:00:14]} Rb6 {[%clk 00:56:52]}
{[%emt 00:09:24]} 17. Qxe5 {[%clk 01:27:55]} {[%emt 00:00:13]} Bd6 {[%clk
00:56:21]} {[%emt 00:01:01]} 18. Qxg7 {[%clk 01:28:06]} {[%emt 00:00:15]} Qh2#
{[%clk 00:52:49]} {[%emt 00:03:34]} 0-1

[Event "ODJM C 2025"]
[Site "Willingen GER"]
[Date "2025.06.11"]
[Round "6"]
[White "Neumann, Charlotte"]
[Black "Ziem, Aurelie"]
[Result "0-1"]
[Termination "normal"]
[Board "35"]
[WhiteElo "714"]
[BlackElo "786"]
[WhiteClock "01:25:34"]
[BlackClock "01:10:11"]
[PlyCount "76"]
[WhiteFideId "533043728"]
[BlackFideId "533022194"]
[EventCountry "GER"]
[EventRounds "9"]
[EventType "swiss"]
[EventDate "2025.06.07"]

1. d4 {[%clk 01:30:55]} {[%emt 00:00:04]} Nf6 {[%clk 01:30:50]} {[%emt
00:00:10]} 2. Nc3 {[%clk 01:31:09]} {[%emt 00:00:16]} d5 {[%clk 01:30:33]}
{[%emt 00:00:47]} 3. Nf3 {[%clk 01:31:30]} {[%emt 00:00:09]} Nc6 {[%clk
01:30:12]} {[%emt 00:00:51]} 4. Bg5 {[%clk 01:31:46]} {[%emt 00:00:13]} Bf5
{[%clk 01:29:27]} {[%emt 00:01:15]} 5. Bh4 {[%clk 01:32:06]} {[%emt 00:00:10]}
e6 {[%clk 01:29:04]} {[%emt 00:00:54]} 6. e3 {[%emt 00:00:15]} Bb4 {[%clk
01:28:48]} {[%emt 00:00:43]} 7. Bb5 {[%clk 01:32:42]} {[%emt 00:00:12]} O-O
{[%clk 01:28:40]} {[%emt 00:00:37]} 8. Qd2 {[%clk 01:32:50]} {[%emt 00:00:22]}
a6 {[%clk 01:28:20]} {[%emt 00:00:52]} 9. Bxc6 {[%clk 01:33:01]} {[%emt
00:00:16]} bxc6 {[%clk 01:28:26]} {[%emt 00:00:24]} 10. O-O {[%clk 01:33:25]}
{[%emt 00:00:09]} Rb8 {[%clk 01:28:11]} {[%emt 00:00:44]} 11. a3 {[%clk
01:33:37]} {[%emt 00:00:19]} Ba5 {[%clk 01:27:41]} {[%emt 00:00:59]} 12. Rab1
{[%clk 01:33:49]} {[%emt 00:00:18]} Bg4 {[%clk 01:27:50]} {[%emt 00:00:21]} 13.
Ne5 {[%clk 01:34:03]} {[%emt 00:00:17]} Rb6 {[%clk 01:27:32]} {[%emt 00:00:47]}
14. h3 {[%clk 01:34:13]} {[%emt 00:00:21]} Bf5 {[%clk 01:26:33]} {[%emt
00:01:29]} 15. Bg3 {[%clk 01:33:14]} {[%emt 00:01:28]} Nd7 {[%clk 01:24:39]}
{[%emt 00:02:25]} 16. Ng4 {[%clk 01:33:19]} {[%emt 00:00:23]} Re8 {[%clk
01:23:59]} {[%emt 00:01:10]} 17. Rfe1 {[%clk 01:32:19]} {[%emt 00:00:40]} Rb7
{[%clk 01:22:58]} {[%emt 00:02:18]} 18. Qe2 {[%clk 01:31:15]} {[%emt 00:01:29]}
Qg5 {[%clk 01:21:51]} {[%emt 00:01:46]} 19. Qxa6 {[%clk 01:30:14]} {[%emt
00:01:30]} Rbb8 {[%clk 01:19:51]} {[%emt 00:02:31]} 20. Qxa5 {[%clk 01:30:19]}
{[%emt 00:00:25]} Rec8 {[%clk 01:19:29]} {[%emt 00:00:52]} 21. Qa6 {[%clk
01:30:30]} {[%emt 00:00:13]} c5 {[%clk 01:18:29]} {[%emt 00:01:36]} 22. Qc6
{[%clk 01:29:42]} {[%emt 00:01:00]} e5 {[%clk 01:17:54]} {[%emt 00:01:21]} 23.
Nxd5 {[%clk 01:29:49]} {[%emt 00:00:24]} h6 {[%clk 01:16:51]} {[%emt 00:01:34]}
24. Nxc7 {[%clk 01:29:01]} {[%emt 00:01:17]} Rb6 {[%clk 01:14:15]} {[%emt
00:03:06]} 25. Qd5 {[%clk 01:29:02]} {[%emt 00:00:29]} Rxc7 {[%clk 01:13:51]}
{[%emt 00:00:55]} 26. f4 {[%clk 01:26:43]} {[%emt 00:02:48]} Qh5 {[%clk
01:12:23]} {[%emt 00:01:53]} 27. dxc5 {[%clk 01:26:55]} {[%emt 00:00:24]} Nxc5
{[%clk 01:11:44]} {[%emt 00:01:08]} 28. Qxe5 {[%clk 01:27:05]} {[%emt
00:00:20]} Rcc6 {[%clk 01:11:30]} {[%emt 00:00:41]} 29. e4 {[%clk 01:26:36]}
{[%emt 00:01:02]} Re6 {[%clk 01:09:00]} {[%emt 00:02:54]} 30. Qxc5 {[%clk
01:26:53]} {[%emt 00:00:20]} Rbc6 {[%clk 01:07:36]} {[%emt 00:01:54]} 31. Qa5
{[%clk 01:24:08]} {[%emt 00:03:09]} Bxe4 {[%clk 01:07:34]} {[%emt 00:00:38]}
32. Nf2 {[%clk 01:24:11]} {[%emt 00:00:27]} Qxa5 {[%clk 01:07:36]} {[%emt
00:00:28]} 33. Rbd1 {[%clk 01:24:24]} {[%emt 00:00:14]} Bxc2 {[%clk 01:07:35]}
{[%emt 00:00:34]} 34. Rc1 {[%clk 01:24:45]} {[%emt 00:00:07]} Rxe1+ {[%clk
01:07:07]} {[%emt 00:01:01]} 35. Kh2 {[%clk 01:25:00]} {[%emt 00:00:08]} Rxc1
{[%clk 01:07:22]} {[%emt 00:00:21]} 36. h4 {[%clk 01:24:41]} {[%emt 00:00:48]}
Qe1 {[%clk 01:07:10]} {[%emt 00:00:42]} 37. Kh3 {[%clk 01:25:01]} {[%emt
00:00:10]} Bf5+ {[%clk 01:07:24]} {[%emt 00:00:16]} 38. Kh2 {[%clk 01:25:34]}
{[%emt 00:01:40]} Qg1# {[%clk 01:10:11]} {[%emt 00:00:12]} 0-1

[Event "ODJM C 2025"]
[Site "Willingen GER"]
[Date "2025.06.12"]
[Round "7"]
[White "Schöning, Leopold"]
[Black "Trush, Diana"]
[Result "1-0"]
[Termination "normal"]
[Board "1"]
[WhiteElo "1525"]
[BlackElo "1708"]
[WhiteClock "01:26:36"]
[BlackClock "00:56:55"]
[PlyCount "103"]
[WhiteFideId "34678964"]
[BlackFideId "34644091"]
[EventCountry "GER"]
[EventRounds "9"]
[EventType "swiss"]
[EventDate "2025.06.07"]

1. Nf3 {[%clk 01:29:59]} {[%emt 00:01:01]} c5 {[%clk 01:30:17]} {[%emt
00:00:44]} 2. g3 {[%clk 01:29:58]} {[%emt 00:00:31]} g6 {[%clk 01:30:14]}
{[%emt 00:00:31]} 3. Bg2 {[%clk 01:29:59]} {[%emt 00:00:31]} Bg7 {[%clk
01:30:30]} {[%emt 00:00:13]} 4. O-O {[%clk 01:29:59]} {[%emt 00:00:30]} Nf6
{[%clk 01:30:39]} {[%emt 00:00:21]} 5. c4 {[%clk 01:29:59]} {[%emt 00:00:30]}
O-O {[%clk 01:30:47]} {[%emt 00:00:22]} 6. Nc3 {[%clk 01:30:00]} {[%emt
00:00:29]} d6 {[%clk 01:30:44]} {[%emt 00:00:33]} 7. d4 {[%clk 01:29:51]}
{[%emt 00:00:39]} cxd4 {[%clk 01:31:02]} {[%emt 00:00:13]} 8. Nxd4 {[%clk
01:30:10]} {[%emt 00:00:11]} Nc6 {[%clk 01:31:24]} {[%emt 00:00:07]} 9. Nxc6
{[%clk 01:30:11]} {[%emt 00:00:29]} bxc6 {[%clk 01:31:42]} {[%emt 00:00:12]}
10. Bxc6 {[%clk 01:30:21]} {[%emt 00:00:20]} Rb8 {[%clk 01:32:03]} {[%emt
00:00:08]} 11. Bg2 {[%clk 01:30:03]} {[%emt 00:00:49]} Bb7 {[%clk 01:29:16]}
{[%emt 00:03:17]} 12. Qc2 {[%clk 01:25:48]} {[%emt 00:04:45]} Bxg2 {[%clk
01:29:27]} {[%emt 00:00:19]} 13. Kxg2 {[%clk 01:26:09]} {[%emt 00:00:09]} d5
{[%clk 01:28:51]} {[%emt 00:01:06]} 14. cxd5 {[%clk 01:24:44]} {[%emt
00:01:55]} Nxd5 {[%clk 01:29:11]} {[%emt 00:00:10]} 15. Rd1 {[%clk 01:24:13]}
{[%emt 00:01:01]} e6 {[%clk 01:28:18]} {[%emt 00:01:22]} 16. e4 {[%clk
01:24:11]} {[%emt 00:00:32]} Bxc3 {[%clk 01:20:33]} {[%emt 00:08:16]} 17. bxc3
{[%clk 01:24:28]} {[%emt 00:00:13]} f5 {[%clk 01:18:47]} {[%emt 00:02:16]} 18.
exd5 {[%clk 01:24:37]} {[%emt 00:00:22]} exd5 {[%clk 01:18:29]} {[%emt
00:00:47]} 19. Qd3 {[%clk 01:24:31]} {[%emt 00:00:36]} Re8 {[%clk 01:16:56]}
{[%emt 00:02:04]} 20. Qxd5+ {[%clk 01:24:26]} {[%emt 00:00:35]} Qxd5+ {[%clk
01:17:19]} {[%emt 00:00:06]} 21. Rxd5 {[%clk 01:24:49]} {[%emt 00:00:07]} Re1
{[%clk 01:17:28]} {[%emt 00:00:21]} 22. Rd2 {[%clk 01:23:55]} {[%emt 00:01:24]}
g5 {[%clk 01:12:17]} {[%emt 00:05:42]} 23. Bb2 {[%clk 01:23:52]} {[%emt
00:01:01]} Rxa1 {[%clk 01:11:51]} {[%emt 00:01:28]} 24. Bxa1 {[%clk 01:24:14]}
{[%emt 00:00:07]} h5 {[%clk 01:09:29]} {[%emt 00:02:52]} 25. Rc2 {[%clk
01:24:35]} {[%emt 00:00:09]} Rd8 {[%clk 01:06:47]} {[%emt 00:03:13]} 26. c4
{[%clk 01:23:50]} {[%emt 00:01:15]} Rc8 {[%clk 01:02:56]} {[%emt 00:04:20]} 27.
c5 {[%clk 01:24:07]} {[%emt 00:00:13]} Rc6 {[%clk 01:03:15]} {[%emt 00:00:11]}
28. Be5 {[%clk 01:23:45]} {[%emt 00:00:51]} Kf7 {[%clk 01:03:36]} {[%emt
00:00:10]} 29. f4 {[%clk 01:23:58]} {[%emt 00:00:17]} Ke6 {[%clk 01:02:29]}
{[%emt 00:01:38]} 30. Kf3 {[%clk 01:23:59]} {[%emt 00:00:27]} g4+ {[%clk
00:57:54]} {[%emt 00:05:06]} 31. Kg2 {[%clk 01:24:20]} {[%emt 00:00:10]} Kd5
{[%clk 00:55:09]} {[%emt 00:03:14]} 32. h3 {[%clk 01:22:51]} {[%emt 00:01:59]}
Rxc5 {[%clk 00:55:19]} {[%emt 00:00:20]} 33. Rxc5+ {[%clk 01:22:58]} {[%emt
00:00:22]} Kxc5 {[%clk 00:55:45]} {[%emt 00:00:05]} 34. hxg4 {[%clk 01:23:21]}
{[%emt 00:00:07]} hxg4 {[%clk 00:56:07]} {[%emt 00:00:08]} 35. Kf2 {[%clk
01:23:39]} {[%emt 00:00:12]} Kd5 {[%clk 00:55:52]} {[%emt 00:00:45]} 36. Ke3
{[%clk 01:23:30]} {[%emt 00:00:39]} Kc4 {[%clk 00:56:09]} {[%emt 00:00:13]} 37.
Bd4 {[%clk 01:23:41]} {[%emt 00:00:19]} a6 {[%clk 00:56:28]} {[%emt 00:00:11]}
38. a4 {[%clk 01:23:52]} {[%emt 00:00:19]} Kb3 {[%clk 00:56:14]} {[%emt
00:00:44]} 39. Kd3 {[%clk 01:24:06]} {[%emt 00:00:15]} Kb4 {[%clk 00:56:07]}
{[%emt 00:00:38]} 40. Ba7 {[%clk 01:23:50]} {[%emt 00:00:46]} Kxa4 {[%clk
00:55:24]} {[%emt 00:01:13]} 41. Kd4 {[%clk 01:24:04]} {[%emt 00:00:15]} Kb4
{[%clk 00:55:39]} {[%emt 00:00:15]} 42. Bc5+ {[%clk 01:24:24]} {[%emt
00:00:11]} Kb5 {[%clk 00:55:50]} {[%emt 00:00:20]} 43. Bf8 {[%clk 01:24:25]}
{[%emt 00:00:27]} Kc6 {[%clk 00:55:42]} {[%emt 00:00:39]} 44. Ke5 {[%clk
01:24:10]} {[%emt 00:00:45]} Kd7 {[%clk 00:56:05]} {[%emt 00:00:08]} 45. Kxf5
{[%clk 01:24:29]} {[%emt 00:00:10]} Ke8 {[%clk 00:56:30]} {[%emt 00:00:06]} 46.
Ba3 {[%clk 01:24:47]} {[%emt 00:00:12]} Kf7 {[%clk 00:56:54]} {[%emt 00:00:05]}
47. Kxg4 {[%clk 01:25:10]} {[%emt 00:00:07]} Kf6 {[%clk 00:56:41]} {[%emt
00:00:43]} 48. f5 {[%clk 01:25:24]} {[%emt 00:00:16]} a5 {[%clk 00:56:49]}
{[%emt 00:00:23]} 49. Kf4 {[%clk 01:25:47]} {[%emt 00:00:06]} a4 {[%clk
00:57:14]} {[%emt 00:00:06]} 50. g4 {[%clk 01:26:11]} {[%emt 00:00:06]} Kf7
{[%clk 00:57:24]} {[%emt 00:00:20]} 51. Ke5 {[%clk 01:26:22]} {[%emt 00:00:18]}
Kg7 {[%clk 00:56:55]} {[%emt 00:00:59]} 52. Ke6 {[%clk 01:26:36]} {[%emt
00:00:16]} 1-0